El fanatismo (Record no. 133359)

MARC details
000 -LEADER
campo de control de longitud fija 00665nam a2200205 4500
001 - NÚMERO DE CONTROL
campo de control 133359
003 - IDENTIFICADOR DE NÚMERO DE CONTROL
campo de control ES-MaACL
005 - FECHA Y HORA DE LA ÚLTIMA TRANSACCIÓN
campo de control 20230906194403.0
007 - CAMPO FIJO DE DESCRIPCIÓN FÍSICA--INFORMACIÓN GENERAL
campo de control de longitud fija t|
008 - DATOS DE LONGITUD FIJA--INFORMACIÓN GENERAL
campo de control de longitud fija 070214s1968 sp r ||||1| spa d
100 1# - ENTRADA PRINCIPAL--NOMBRE DE PERSONA
Nombre de persona Rudin, Josef.
9 (RLIN) 100489
245 13 - MENCIÓN DEL TÍTULO
Título El fanatismo
Resto del título : análisis psicológico /
Mención de responsabilidad, etc. Josef Rudin ; [traducción por Anselmo Archanco Royo].
260 ## - PUBLICACIÓN, DISTRIBUCIÓN, ETC.
Lugar de publicación, distribución, etc. Madrid :
Nombre del editor, distribuidor, etc. Razón y Fe,
Fecha de publicación, distribución, etc. 1968.
300 ## - DESCRIPCIÓN FÍSICA
Extensión 246 p. ;
Dimensiones 20 cm.
490 1# - MENCIÓN DE SERIE
Mención de serie Psicología-Medicina-Pastoral ;
Designación de volumen o secuencia 65
700 1# - ENTRADA AGREGADA--NOMBRE PERSONAL
Nombre de persona Archanco Royo, Anselmo.
9 (RLIN) 22475
830 0# - PUNTO DE ACCESO ADICIONAL DE SERIE-TÍTULO UNIFORME
Título uniforme Psicología-Medicina-Pastoral ;
Designación de volumen o secuencia 65
9 (RLIN) 180800
852 ## - LOCALIZACIÓN
Ubicación ES-MaACL
Número de control de estantería C-50489
Sublocalización o colección R.66219
Holdings
Estatus retirado Estado de pérdida Estado de daño No para préstamo Biblioteca de origen Biblioteca actual Ubicación en estantería Fecha de adquisición Fuente de adquisición Total de préstamos Signatura topográfica completa Código de barras Visto por última vez Precio de reemplazo Tipo de ítem Koha
        Biblioteca del Ateneo de Madrid Biblioteca del Ateneo de Madrid Depósito 2 17/01/2008     C-50489 1138832 23/02/2023 23/02/2023 Libro impreso